The Puzzle of the unbalance mind/ (Record no. 362727)
[ view plain ]
| 000 -LEADER | |
|---|---|
| fixed length control field | 00483nam a2200169Ia 4500 |
| 008 - FIXED-LENGTH DATA ELEMENTS--GENERAL INFORMATION | |
| fixed length control field | 191127s9999 xx 000 0 und d |
| 100 ## - MAIN ENTRY--PERSONAL NAME | |
| Personal name | Nesse, Randolph M. |
| 245 #4 - TITLE STATEMENT | |
| Title | The Puzzle of the unbalance mind/ |
| 245 ## - TITLE STATEMENT | |
| Statement of responsibility, etc | Randolph M. Nesse |
| 260 ## - PUBLICATION, DISTRIBUTION, ETC. (IMPRINT) | |
| Name of publisher, distributor, etc | Sussex Publisher |
| 260 ## - PUBLICATION, DISTRIBUTION, ETC. (IMPRINT) | |
| Date of publication, distribution, etc | 2019 |
| 300 ## - PHYSICAL DESCRIPTION | |
| Extent | Pages 74-82, March/April 2019 |
| 440 ## - SERIES STATEMENT/ADDED ENTRY--TITLE | |
| Title | Psychology Today: Silence your inner critic |
| Volume number/sequential designation | 52: 2 |
| 650 ## - SUBJECT ADDED ENTRY--TOPICAL TERM | |
| Topical term or geographic name as entry element | Mental capacity |
| 650 ## - SUBJECT ADDED ENTRY--TOPICAL TERM | |
| Topical term or geographic name as entry element | mind |
| 650 ## - SUBJECT ADDED ENTRY--TOPICAL TERM | |
| Topical term or geographic name as entry element | natural selection |
| Withdrawn status | Lost status | Damaged status | Home library | Current library | Date acquired | Total Checkouts | Date last seen | Price effective from | Koha item type |
|---|---|---|---|---|---|---|---|---|---|
| Luxembourg Library | Luxembourg Library | 11/27/2019 | 11/27/2019 | 11/27/2019 | Periodicals |